header

Carbon dioxide emissions (Record no. 65872)

MARC details
000 -LEADER
fixed length control field 01232nam a2200325Ia 4500
082 04 - DEWEY DECIMAL CLASSIFICATION NUMBER
Classification number 363.738/7
245 00 - TITLE STATEMENT
Title Carbon dioxide emissions
260 ## - PUBLICATION, DISTRIBUTION, ETC. (IMPRINT)
Place of publication New York :
Name of publisher Nova Science Publishers,
Year of publication c2010.
300 ## - PHYSICAL DESCRIPTION
Number of Pages x, 160 p. :
Other physical details ill. (some col.)
650 #0 - SUBJECT ADDED ENTRY--TOPICAL TERM
Topical Term Carbon dioxide mitigation.
Topical Term Carbon offsetting.
Topical Term Emissions trading.
700 1# - ADDED ENTRY--PERSONAL NAME
Personal name Mulligan, James P.
856 40 - ELECTRONIC LOCATION AND ACCESS
Uniform Resource Identifier http://site.ebrary.com/lib/rucke/Doc?id=10661640

No items available.

© 2026 Rongo University
Contact us: librarian | system librarian | Rongo university